00875cam a22002773a 450000100060000000300060000600500170001200800410002904000150007004200070008505000070009210000370009924500790013626000290021550600300024451600200027465300400029465300320033465300400036670000200040683000290042685600420045594200070049799900190050495200740052321203PGUSA20140828083442.0070422s2007||||xxu|||||s|||||000 1 eng d aPGUSAbeng adc 4aPZ1 aBailey, Arthur Scott,d1877-194914aThe Tale of Grandfather Moleh[electronic resource] /cArthur Scott Bailey bProject Gutenberg,c2007 aPublic domain in the USA. aElectronic text aMoles (Animals) -- Juvenile fiction aAnimals -- Juvenile fiction aConduct of life -- Juvenile fiction1 aSmith, Harry L. 0aProject Gutenbergv2120340uhttp://www.gutenberg.org/ebooks/21203 cEB c250458d250458 001040aGTBbGTBd2014-08-28l0r2014-08-28 00:00:00w2014-08-28yEB